000
00299nam a22001337a 4500
008
171013b xxu||||| |||| 00| 0 eng d
020
_a
9780415321662
041
_a
eng
080
_a
316
100
_a
51
101
_a
SOC
245
_a
SOCIOLOGY, WORK AND INDUSTRY
_c
WATSON, T.J
942
_2
udc
_c
BK
999
_c
33760
_d
33760